| 000 | 00476nam a2200145 a 4500 | ||
|---|---|---|---|
| 001 | 000035769 | ||
| 005 | 20200930074609.0 | ||
| 008 | 111110s2011 dr ac 000 0 spa d | ||
| 040 |
_aDO-SdBNP _bspa _cBNPHU |
||
| 082 |
_axxx _bR426 |
||
| 110 | 1 |
_aRepública Dominicana _bSuperintendencia de Bancos _937256 |
|
| 245 | 1 | 3 |
_aLa banca en República Dominicana : _bAyer y hoy. |
| 260 |
_aSanto Domingo : _bSuperintendencia de Bancos, _c2011. |
||
| 300 |
_a125 p. : _bil., retrs. ; _c31 cm. |
||
| 999 |
_c35260 _d35260 |
||